<?xml version="1.0" encoding="UTF-8"?>
<collection xmlns="http://www.loc.gov/MARC21/slim">
    <record>
        <controlfield tag="001">70633</controlfield>
        <controlfield tag="005">20180521143524.0</controlfield>
        <datafield tag="024" ind1="8" ind2=" ">
            <subfield code="2">sideral</subfield>
            <subfield code="a">106096</subfield>
        </datafield>
        <datafield tag="037" ind1=" " ind2=" ">
            <subfield code="a">ART-2016-106096</subfield>
        </datafield>
        <datafield tag="041" ind1=" " ind2=" ">
            <subfield code="a">eng</subfield>
        </datafield>
        <datafield tag="100" ind1=" " ind2=" ">
            <subfield code="a">Anadón Navarro, Arturo</subfield>
        </datafield>
        <datafield tag="245" ind1=" " ind2=" ">
            <subfield code="a">Informe del Comité Científico de la Agencia Española de Consumo, Seguridad Alimentaria y Nutrición (AECOSAN) sobre el riesgo del uso de semillas de Mucuna pruriens en productos de artesanía</subfield>
        </datafield>
        <datafield tag="260" ind1=" " ind2=" ">
            <subfield code="c">2016</subfield>
        </datafield>
        <datafield tag="506" ind1="0" ind2=" ">
            <subfield code="a">Access copy available to the general public</subfield>
            <subfield code="f">Unrestricted</subfield>
        </datafield>
        <datafield tag="520" ind1="3" ind2=" ">
            <subfield code="a">El Comité Científico de la Agencia Española de Consumo, Seguridad Alimentaria y Nutrición (AECOSAN) ha evaluado el riesgo del uso de semillas de Mucuna pruriens en productos de artesanía. En este informe se describen sus distintos usos en dichos productos de artesanía y los usos divulgados por sus presuntas propiedades como planta medicinal, en alimentación humana, como antídoto en mordeduras de serpientes y como biomasa o cobertura vegetal. El contexto sociológico del empleo de Mucuna pruriens también se incluye en este informe. Igualmente se describen las características que identi can a Mucuna pruriens como especie vegetal, las propiedades farmacológicas y las propiedades toxicológicas descritas en estudios de toxicidad a dosis única y de toxicidad a dosis repetidas así como la evaluación del riesgo por ingesta accidental de sus semillas en productos de artesanía. Se concluye que el valor de la DL50 de Mucuna pruriens es superior a 2000 mg/kg p.c.. y se puede identi car un NOEL de 70 mg/kg p.c./dia (“dosis limite”) a partir de un estudio de toxicidad dosis repetida en conejos. Se ha estimado un valor TDLo (lowest published toxic dose, o toxic dose low) (dosis tóxica más baja publicada o dosis tóxica mínima) de L-dopa (humanos) de 4286 mg/kg p.c. El margen de seguridad calculado para la semilla de Mucuna pruriens consumida es amplio en relación con la posible exposición tanto en adultos como en niños. Sin embargo, hay que considerar también el riesgo ocasionado por la exposición accidental de las semillas de Mucuna pruriens debido a que pueden originar una oclusión respiratoria o digestiva en los niños, lo que representa un riesgo adicional. El contacto con semillas de Mucuna pruriens puede provocar prurito intenso y alergia de contacto en todos los grupos poblacionales. Los niños y mujeres gestantes presentan sensibilidad a la ingesta de semilla de Mucuna pruriens debido al contenido y acción farmacológica de la L-dopa (levodopa).</subfield>
        </datafield>
        <datafield tag="540" ind1=" " ind2=" ">
            <subfield code="9">info:eu-repo/semantics/openAccess</subfield>
            <subfield code="a">by</subfield>
            <subfield code="u">http://creativecommons.org/licenses/by/3.0/es/</subfield>
        </datafield>
        <datafield tag="655" ind1=" " ind2="4">
            <subfield code="a">info:eu-repo/semantics/article</subfield>
            <subfield code="v">info:eu-repo/semantics/publishedVersion</subfield>
        </datafield>
        <datafield tag="700" ind1=" " ind2=" ">
            <subfield code="0">(orcid)0000-0002-3133-7402</subfield>
            <subfield code="a">Arpio Santacruz, Juan</subfield>
            <subfield code="u">Universidad de Zaragoza</subfield>
        </datafield>
        <datafield tag="700" ind1=" " ind2=" ">
            <subfield code="a">Díaz Méndez, Cecilia</subfield>
        </datafield>
        <datafield tag="700" ind1=" " ind2=" ">
            <subfield code="a">Izquierdo Carrasco, Manuel</subfield>
        </datafield>
        <datafield tag="700" ind1=" " ind2=" ">
            <subfield code="a">Martín Diana, Ana Belén</subfield>
        </datafield>
        <datafield tag="700" ind1=" " ind2=" ">
            <subfield code="a">Toro Nozal, Mª José</subfield>
        </datafield>
        <datafield tag="710" ind1="2" ind2=" ">
            <subfield code="1">4003</subfield>
            <subfield code="2">165</subfield>
            <subfield code="a">Universidad de Zaragoza</subfield>
            <subfield code="b">Departamento de Derecho de la Empresa</subfield>
            <subfield code="c">Derecho Mercantil</subfield>
        </datafield>
        <datafield tag="773" ind1=" " ind2=" ">
            <subfield code="g">24 (2016), 35-52</subfield>
            <subfield code="p">Rev. Com. Cient. AESA</subfield>
            <subfield code="t">Revista del Comité Científico de la AESA</subfield>
            <subfield code="x">1885-6586</subfield>
        </datafield>
        <datafield tag="856" ind1="4" ind2="1">
            <subfield code="u">http://www.aecosan.msssi.gob.es/AECOSAN/docs/documentos/consumo/Calidad_Seguridad/Comite_Cientifico/Informes/rcc24_07mucuna.pdf</subfield>
            <subfield code="z">Texto completo de la revista</subfield>
        </datafield>
        <datafield tag="856" ind1="4" ind2=" ">
            <subfield code="s">216399</subfield>
            <subfield code="u">http://zaguan.unizar.es/record/70633/files/texto_completo.pdf</subfield>
            <subfield code="y">Versión publicada</subfield>
        </datafield>
        <datafield tag="856" ind1="4" ind2=" ">
            <subfield code="s">68074</subfield>
            <subfield code="u">http://zaguan.unizar.es/record/70633/files/texto_completo.jpg?subformat=icon</subfield>
            <subfield code="x">icon</subfield>
            <subfield code="y">Versión publicada</subfield>
        </datafield>
        <datafield tag="909" ind1="C" ind2="O">
            <subfield code="o">oai:zaguan.unizar.es:70633</subfield>
            <subfield code="p">articulos</subfield>
            <subfield code="p">driver</subfield>
        </datafield>
        <datafield tag="951" ind1=" " ind2=" ">
            <subfield code="a">2018-05-21-12:25:06</subfield>
        </datafield>
        <datafield tag="980" ind1=" " ind2=" ">
            <subfield code="a">ARTICLE</subfield>
        </datafield>
    </record>

    
</collection>